000
00207 a2200097 4500
001
22917
100
_a
Mende, J
245
_a
Conversation with Mr. Nehru
260
_a
_b
Secker
_c
1956
090
_c
15512
_d
15512
942
_a
NUST-CAE
_c
M
_c
6128
999
_c
257990
_d
257990